000 00367nam a2200145Ia 4500
008 231129s1996||||xx |||||||||||||| ||spa||
020 _a958-04-1505-6
040 _bspa
082 _a(i) 808.068543 M996e
100 _aMyers Walter Dean
245 0 _aLos escorpiones
260 _c1996
264 _aNorma
942 _2ddc
_cBKS
999 _c19656
_d19656